000 00444ntaaa2200181 4500
003 01
005 20251027202805.0
008 0714s1973 ag 01
040 _aAR-BaBN
_bspa
_cAR-BaBN
_eaacr
_dRIC
082 _a860.5000 A11
100 _aAlarcón, Pedro Antonio de
_928179
245 _aCapitán Veneno
250 _a1 ed.
260 _aBuenos Aires :
_bEdiciones Selectas,
_cs.f.
300 _a156 p
500 _aDos novelas
942 _cBK
999 _c23221
_d23221